Largest Cities and Capitals in the USA - Statistics

General Stats
  • This quiz has been taken 462 times
    460 since last reset
  • The average score is 81 of 100
Answer Stats
Population State Largest City/Capital State's City Population Rank Overall Rank % Correct
3.884 M California-LC Los Angeles 1 2
97%
649,495 Colorado-LC Denver 1 22
93%
390,738 Hawaii-LC Honolulu 1 54
93%
1.513 M Arizona-LC Phoenix 1 6
93%
479,686 California-C Sacramento 6 35
93%
447,841 Georgia-LC Atlanta 1 40
92%
2.719 M Illinois-LC Chicago 1 3
92%
8.406 M New York-LC New York City 1 1
92%
645,966 Massachusetts-LC Boston 1 24
91%
32,660 Alaska-C Juneau 3 1,125
91%
447,841 Georgia-C Atlanta 1 40
90%
649,495 Colorado-C Denver 1 22
90%
390,738 Hawaii-C Honolulu 1 54
90%
852,866 Indiana-LC Indianapolis 1 12
90%
852,866 Indiana-C Indianapolis 1 12
90%
603,488 Nevada-LC Las Vegas 1 30
90%
378,715 Louisiana-LC New Orleans 1 51
90%
645,966 Massachusetts-C Boston 1 24
89%
197,357 Arkansas-LC Little Rock 1 118
89%
1.513 M Arizona-C Phoenix 1 6
89%
98,424 New York-C Albany 6 299
88%
885,400 Texas-C Austin 4 11
88%
229,426 Louisiana-C Baton Rouge 2 93
88%
214,237 Idaho-LC Boise 1 98
88%
2.196 M Texas-LC Houston 1 4
88%
197,357 Arkansas-C Little Rock 1 118
88%
400,070 Minnesota-LC Minneapolis 1 46
88%
191,180 Utah-LC Salt Lake City 1 124
88%
652,405 Washington-LC Seattle 1 21
88%
214,237 Idaho-C Boise 1 98
87%
688,701 Michigan-LC Detroit 1 18
87%
842,583 Florida-LC Jacksonville 1 13
87%
610,613 Oklahoma-LC Oklahoma City 1 27
87%
610,613 Oklahoma-C Oklahoma City 1 27
87%
186,411 Florida-C Tallahassee 7 125
87%
300,950 Alaska-LC Anchorage 1 63
86%
201,332 Alabama-C Montgomery 2 111
86%
191,180 Utah-C Salt Lake City 1 124
86%
2.719 M Illinois-C Springfield 6 230
85%
294,973 Minnesota-C St. Paul 2 66
85%
659,042 Tennessee-C Nashville 2 25
84%
1.553 M Pennsylvania-LC Philadelphia 1 5
84%
609,456 Oregon-LC Portland 1 29
84%
69,976 New Mexico-C Santa Fe 4 487
84%
212,113 Alabama-LC Birmingham 1 101
83%
207,510 Iowa-LC Des Moines 1 104
83%
207,510 Iowa-C Des Moines 1 104
83%
172,638 Mississippi-LC Jackson 1 132
83%
622,104 Maryland-LC Baltimore 1 26
82%
54,080 Nevada-C Carson City 6 678
82%
822,553 Ohio-LC Columbus 1 15
82%
37,366 Delaware-C Dover 2 987
82%
125,017 Connecticut-C Hartford 4 212
82%
172,638 Mississippi-C Jackson 1 132
82%
243,344 Wisconsin-C Madison 2 83
82%
822,553 Ohio-C Columbus 1 15
81%
29,596 Montana-C Helena 6 1,244
81%
177,994 Rhode Island-LC Providence 1 134
81%
84,308 New Jersey-C Trenton 10 374
81%
18,793 Maine-C Augusta 10 1,877
80%
268,738 Nebraska-C Lincoln 2 72
80%
653,450 Tennessee-LC Memphis 1 20
80%
177,994 Rhode Island-C Providence 1 134
80%
127,679 Kansas-C Topeka 4 202
80%
48,338 Washington-C Olympia 22 776
79%
160,614 Oregon-C Salem 2 152
79%
67,034 North Dakota-C Bismarck 2 510
78%
113,972 Michigan-C Lansing 6 236
78%
13,984 South Dakota-C Pierre 8 2,346
78%
49,188 Pennsylvania-C Harrisburg 9 759
77%
43,330 Missouri-C Jefferson City 15 847
77%
467,007 Missouri-LC Kansas City 1 37
77%
599,164 Wisconsin-LC Milwaukee 1 31
77%
431,746 North Carolina-C Raleigh 2 43
77%
38,722 Maryland-C Annapolis 7 954
76%
612,780 Kentucky-LC Louisville 1 28
76%
792,862 North Carolina-LC Charlotte 1 16
75%
214,114 Virginia-C Richmond 4 99
75%
556,495 New Mexico-LC Albuquerque 1 32
74%
62,448 Wyoming-LC Cheyenne 1 558
74%
27,453 Kentucky-C Frankfort 14 1,337
74%
7,755 Vermont-C Montpelier 15 3,582
74%
62,448 Wyoming-C Cheyenne 1 558
73%
133,358 South Carolina-C Columbia 1 192
73%
278,427 New Jersey-LC Newark 1 69
73%
434,353 Nebraska-LC Omaha 1 42
73%
127,999 West Virginia-LC Charleston 1 725
72%
127,999 West Virginia-C Charleston 1 725
72%
133,358 South Carolina-LC Columbia 1 192
72%
125,880 New Hampshire-C Concord 3 869
72%
448,479 Virginia-LC Virginia Beach 1 39
68%
286,552 Kansas-LC Wichita 1 49
68%
66,318 Maine-LC Portland 1 519
66%
109,059 Montana-LC Billings 1 256
59%
113,658 North Dakota-LC Fargo 1 237
58%
164,676 South Dakota-LC Sioux Falls 1 147
56%
147,216 Connecticut-LC Bridgeport 1 172
53%
112,067 Delaware-LC Wilmington 1 240
53%
42,284 Vermont-LC Burlington 1 870
50%
110,378 New Hampshire-LC Manchester 1 248
50%
No matching quizzes found
Score Distribution
Percent of People with Each Score
Percentile by Number Answered
Your Score History
You have not taken this quiz since the last reset